Ganadores del mundial (futbolistas)- ¡Muerte súbita! - Estadísticas

Estadísticas generales
  • Esta prueba ha sido intentada 595 veces
  • La puntuación promedio es 16 de 41
Answers on the Grid
Answers color-coded by a green-red scale on the quiz's grid according to % correct below.
Lionel Messi
Julián Alvarez
Lautaro Martinez
Paulo Dybala
Presnel Kimpembe
N'Golo Kanté
Paul Pogba
Kylian Mbappé
Olivier Giroud
Ousmane Dembélé
Antoine Griezmann
Manuel Neuer
Toni Kroos
Miroslav Klose
Mario Götze
Philipp Lahm
Mesut Özil
Bastian Schweinsteiger
Iker Casillas
Xabi Alonso
Sergio Ramos
Andrés Iniesta
Fernando Torres
Gianluigi Buffon
Francesco Totti
Fabio Cannavaro
Andrea Pirlo
Ronaldo (R9)
Ronaldinho
Roberto Carlos
Thierry Henry
Marcel Desailly
Jürgen Klinsmann
Rudi Völler
Lothar Matthäus
Diego Maradona
Franz Beckenbauer
Gerd Müller
Pelé
Sir Bobby Charlton
Fritz Walter
Marco Reus
Paolo Maldini
Roberto Baggio
Johan Cruyff
Oliver Kahn
Franck Ribéry
Arjen Robben
Luka Modric
Michael Ballack
Zlatan Ibrahimovic
Neymar
Marc-André ter Stegen
Joshua Kimmich
David Beckham
Luis Figo
Marco van Basten
Lev Yashin
Ryan Giggs
Peter Schmeichel
Steven Gerrard
Andrij Schewtschenko
Dennis Bergkamp
Ferenc Puskás
Sergio Agüero
Rodri
Alisson
Daniel Carvajal
 
Estadísticas de respuestas
Respuesta % Correcto
Andrés Iniesta
50%
Lionel Messi
50%
Pelé
48%
Iker Casillas
47%
Julián Alvarez
47%
Kylian Mbappé
47%
Sergio Ramos
47%
Toni Kroos
47%
Gianluigi Buffon
46%
Xabi Alonso
46%
Ronaldinho
45%
Ronaldo (R9)
45%
Antoine Griezmann
44%
Diego Maradona
44%
Lautaro Martinez
44%
Manuel Neuer
44%
Paul Pogba
44%
Fernando Torres
43%
Roberto Carlos
43%
Miroslav Klose
41%
Mario Götze
40%
N'Golo Kanté
40%
Olivier Giroud
40%
Andrea Pirlo
39%
Franz Beckenbauer
39%
Mesut Özil
39%
Philipp Lahm
39%
Fabio Cannavaro
38%
Paulo Dybala
38%
Bastian Schweinsteiger
37%
Francesco Totti
36%
Lothar Matthäus
36%
Ousmane Dembélé
36%
Thierry Henry
35%
Gerd Müller
34%
Presnel Kimpembe
31%
Sir Bobby Charlton
28%
Marcel Desailly
26%
Jürgen Klinsmann
19%
Rudi Völler
17%
Fritz Walter
13%
No se encontraron pruebas coincidentes
Distribución de puntuación
Porcentaje de gente con cada puntuación
Porcentaje por número respondido
Historial de tus puntuaciones
No has intentado esta prueba.